| 000 | 00502cam a2200205ua 4500 | ||
|---|---|---|---|
| 020 | _c24.00 | ||
| 041 |
_aeng _h |
||
| 082 |
_a541.3 _bBAH/ES |
||
| 100 | _aBahl, B S . | ||
| 245 |
_aEssentials of physical chemistry Part-2 / _cB S Bahl. _hTextual Documents |
||
| 250 |
_a17 / _b. |
||
| 260 |
_aNew Delhi : _bS.Chand and Co , _c1968. |
||
| 300 | _a494 ; . | ||
| 365 | _a24.00 | ||
| 504 | _a | ||
| 700 | 1 | _aTuli, G D . | |
| 942 | _cBK | ||
| 999 |
_c10316 _d10316 |
||